TV Friendships Quiz Stats

Quiz Updated Apr 22, 2018

Challenge
Share
Tweet
Embed
Score 0/20 Timer 05:00
9 Plays Today
Friend #1 TV Show % Correct
ChandlerFriends
97.8%
LeonardThe Big Bang Theory
93.7%
TedHow I Met Your Mother
87.7%
CarrieSex and the City
80.4%
BarneyThe Flintstones
80.1%
LucyI Love Lucy
75.5%
MulderThe X-Files
75.4%
GeorgeSeinfeld
74.8%
MichaelThe Office
71.1%
J.D.Scrubs
69%
Friend #1 TV Show % Correct
D.J.Full House
66.5%
CoryBoy Meets World
62.9%
KarenWill and Grace
62.5%
WillThe Fresh Prince of Bel Air
57.1%
RichieHappy Days
48.9%
RoryGilmore Girls
45.2%
CharlieLOST
42.4%
BarneyAll in the Family
38.2%
KevinWonder Years
32.7%
FranMad About You
15.4%

You're not logged in!

Compare scores with friends on all Sporcle quizzes.
Join for Free
OR
Log In

You Might Also Like...

Show Comments

Extras

Top Quizzes Today


Score Distribution

Your Account Isn't Verified!

In order to create a playlist on Sporcle, you need to verify the email address you used during registration. Go to your Sporcle Settings to finish the process.

Report this User

Report this user for behavior that violates our Community Guidelines.

Details: